Contributions to Pennsylvanian paleobotany Mazocarpon oedipternum, (Record no. 27769)

MARC details
000 -LEADER
fixed length control field 01126cam a22002771 4500
001 - CONTROL NUMBER
control field gs 42000051
003 - CONTROL NUMBER IDENTIFIER
control field DLC
005 - DATE AND TIME OF LATEST TRANSACTION
control field 20260227111347.0
008 - FIXED-LENGTH DATA ELEMENTS--GENERAL INFORMATION
fixed length control field 780911s1941 iluaf b s000 0 eng
010 ## - LIBRARY OF CONGRESS CONTROL NUMBER
LC control number gs 42000051
035 ## - SYSTEM CONTROL NUMBER
System control number (OCoLC)4212534
040 ## - CATALOGING SOURCE
Original cataloging agency DLC
Transcribing agency UU
Modifying agency OCoLC
-- DLC
042 ## - AUTHENTICATION CODE
Authentication code premarc
050 00 - LIBRARY OF CONGRESS CALL NUMBER
Classification number QE971
Item number .S3
082 ## - DEWEY DECIMAL CLASSIFICATION NUMBER
Classification number 567/.9
100 1# - MAIN ENTRY--PERSONAL NAME
Personal name Schopf, James Morton,
Dates associated with a name 1911-
245 10 - TITLE STATEMENT
Title Contributions to Pennsylvanian paleobotany Mazocarpon oedipternum,
Remainder of title sp. nov. and Sigillarian relationships,
Statement of responsibility, etc. by James M. Schopf ... Printed by authority of the state of Illinois.
260 ## - PUBLICATION, DISTRIBUTION, ETC.
Place of publication, distribution, etc. Urbana, Ill.,
Date of publication, distribution, etc. 1941.
300 ## - PHYSICAL DESCRIPTION
Extent 53p.
Other physical details incl.illus.,6pl.
Dimensions 25cm.
490 0# - SERIES STATEMENT
Series statement Illinois. State geological survey. Report of investigations
Volume/sequential designation no. 75
500 ## - GENERAL NOTE
General note At head of title: State of Illinois, Dwight H. Green, governor. Dept. of registration and education, Frank G. Thompson, director. Division of the State geological survey, M.M. Leighton, chief, Urbana.
504 ## - BIBLIOGRAPHY, ETC. NOTE
Bibliography, etc. note "References": p.38-40.
650 #0 - SUBJECT ADDED ENTRY--TOPICAL TERM
Topical term or geographic name entry element Paleobotany
Chronological subdivision Pennsylvanian.
650 #0 - SUBJECT ADDED ENTRY--TOPICAL TERM
Topical term or geographic name entry element Mazocarpon.
650 #0 - SUBJECT ADDED ENTRY--TOPICAL TERM
Topical term or geographic name entry element Paleobotany
Geographic subdivision Illinois.

No items available.

Powered by Koha